Sports Quiz

Random Sports or Football Quiz

Philadelphia Flyers 'Broad Street Bullies' Quiz Stats

 Plays Quiz not verified by Sporcle

Also try: Last 16 Sweet 16s
Challenge
Share
Tweet
Embed
Score 0/28 Timer 08:00
0 Plays Today
Position Player % Correct
CenterBobby Clarke
98.9%
GoaltenderBernie Parent
93.5%
WingDave Schultz
85.9%
WingBill Barber
84.5%
WingReggie Leach
81.2%
CoachFred Shero
74%
CenterRick MacLeish
73.3%
DefensemanJoe Watson
71.1%
DefensemanJimmy Watson
71.1%
WingBob Kelly
70.4%
DefensemanAndre Dupont
63.2%
CenterBill Clement
60.6%
DefensemanEd Van Impe
60.6%
WingGary Dornhoefer
54.2%
Position Player % Correct
WingDon Saleski
50.5%
DefensemanBarry Ashbee
49.5%
GoaltenderBobby Taylor
44.8%
CenterOrest Kindrachuk
41.9%
GoaltenderWayne Stephenson
40.8%
WingRoss Lonsberry
40.1%
WingBill Flett
37.9%
CenterTerry Crisp
37.2%
DefensemanTom Bladon
36.8%
DefensemanLarry Goodenough
23.1%
WingSimon Nolet
19.5%
DefensemanTed Harris
13%
WingAl MacAdam
9.7%
WingBruce Cowick
9.4%

You're not logged in!

Compare scores with friends on all Sporcle quizzes.
OR
Log In

You Might Also Like...

Show Comments

Extras

Top Quizzes Today


Score Distribution

Your Account Isn't Verified!

In order to create a playlist on Sporcle, you need to verify the email address you used during registration. Go to your Sporcle Settings to finish the process.

Report this User

Report this user for behavior that violates our Community Guidelines.

Details: